Statistics for Ways to Die in Oregon Trail

Click here to take the quiz!

General Stats

  • This quiz has been taken 4,015 times
  • The average score is 5 of 10

Answer Stats

Hint Answer % Correct
Body temperature too highFever
71%
Generic disease caused by unclean waterDysentery
66%
A disease that people are vaccinated for nowMeasles
60%
Failing to make it across the Platte or ColumbiaDrowning
57%
Infection caused by drinking unclean waterCholera
48%
Simply lacking the strength to go onExhaustion
47%
Type of injuryBroken Leg
41%
Type of injuryBroken Arm
36%
Killed by a specific animalSnakebite
32%
A disease that is no longer endemic in the U.S.Typhoid
31%

Score Distribution

Percentile by Number Answered

Percent of People with Each Score

Your Score History

You have not taken this quiz